A posztkommunista országokban veszélyt jelent az egypárti kormány Beszélgetés Michal Kováč köztársasági elnökkel

Bibliographic Details
Main Authors: Kováč, Michal (Author), Nagy, Ildikó, 1952- (Author)
Format: Article
Language:Hungarian
PhysicalDescription:Fotogr. 1
Subjects:

MARC

LEADER 00000nab a2200000 a 4500
001 vtls000516994
003 SK-MaSNL
005 20260318123423.0
008 150205c1994 xo 0 hun
015 |a SNBRB19rr/mm-uuuuu 
035 |a CL0517132 
040 |a SNKBUCL  |b slo  |c SNKBUCL  |e AACR2 
041 0 |a hun 
044 |a xo  |c SK 
080 |a 323(437.6)  |2 1981 
080 |a 327(437.6)  |2 1981 
100 1 |a Kováč, Michal  |4 aut  |9 265919 
245 1 0 |a A posztkommunista országokban veszélyt jelent az egypárti kormány  |b Beszélgetés Michal Kováč köztársasági elnökkel  |c Michal Kováč, Ildikó Nagy 
300 |b Fotogr. 1 
650 0 7 |a vnútorná politika  |2 snkbucl  |9 970 
650 0 7 |a zahraničná politika  |2 snkbucl  |9 971 
651 7 |a Slovensko  |2 snkbucl  |9 14231 
655 7 |a články z novín a časopisov  |2 snkbucl  |9 267496 
700 1 |a Nagy, Ildikó,  |d 1952-  |4 aut  |9 834472 
773 0 |t Nap  |g Roč. 6, č. 20 (1994), s. 4 a 8 
850 |a Slovenská národná knižnica v Martine  |a DSG001 
852 |a SNK  |b KIS3GCP 
958 |a RK 
992 |a RBX 
999 |c 2687064  |d 2688994